00979nam a22002657a 45000010005000000030006000050050017000110080041000280200018000690400029000870500015001160820011001311000026001422450038001682500044002062600038002503000041002884900017003295050008003465200245003545210029005995210020006286500027006487000038006754740FISKH20240926164635.0240926b cb ||||| |||| 00| 0 eng d a9780439702249 aFISKHbengcFISKHdFISKH aPZ7.M47397 a011.62 aMazer, Harryeauthor  aA boy no more / cby Harry Mazer  aFirst Scholastic printing, October 2004 aNew York : bScholastic ;c2004 . a136 pages : billustrator ;c20 cm . a Adam Pelko  aS  aAfter his father is killed in the attack on Pearl Harbor, Adam, his mother, and sister are evacuated from Hawaii to California, where he must deal with his feelings about the war, Japanese internment camps, his father, and his own identity.8 a800 bLexile estimate 8 aS bRaz-Plus  achapter bookvfiction  aSfetsios , Debra ebook designer